| 000 | 00536nam a22001937a 4500 | ||
|---|---|---|---|
| 005 | 20220308133911.0 | ||
| 008 | 220308b ||||| |||| 00| 0 eng d | ||
| 040 |
_aIN-DiNC _cIN-DiNC |
||
| 041 | _dasm | ||
| 082 | _a654 | ||
| 100 |
_aBharali Debodas _eauthor |
||
| 245 |
_aUchatar madhamic byabsai sangathan aru banijya paddhati _cby Debodas Bharali |
||
| 250 | _a4th ed. | ||
| 260 |
_aGuwahati _bAssam books _c1997 |
||
| 300 | _a232p. | ||
| 700 |
_aSujit Sikdar _eauthor |
||
| 700 |
_aBibekananda Sharma _eauthor |
||
| 942 |
_2ddc _cBK |
||
| 999 |
_c11270 _d11270 |
||